| 000 | 00503nam a22002057a 4500 | ||
|---|---|---|---|
| 999 |
_c124702 _d124702 |
||
| 005 | 20211116110528.0 | ||
| 008 | 211116b ||||| |||| 00| 0 eng d | ||
| 020 | _a9788174733443 | ||
| 040 | _cPK-LaUMT | ||
| 082 |
_a616.07 _bPAN-H |
||
| 100 | _aPanda, U. N. | ||
| 245 |
_aHandbook of pathology / _cby U. N. Panda |
||
| 250 | _a2nd ed. | ||
| 260 |
_aDelhi : _bAitbs Publishers, _c2016 |
||
| 300 | _a302 p. | ||
| 650 | _aPathology | ||
| 650 | _aCell pathology | ||
| 650 | _aHeart | ||
| 942 | _cBK | ||